| 000 | 00933nam a22002657a 4500 | ||
|---|---|---|---|
| 999 |
_c63468 _d63468 |
||
| 005 | 20240530110642.0 | ||
| 008 | 170912s2016 us f b 000 0 eng d | ||
| 020 | _a9780323241472 | ||
| 040 | _aEG-CaGPL | ||
| 082 | 0 | 4 |
_221 _a618.92 _bW R |
| 100 | 1 | _bWilson MD, Christopher B. | |
| 245 | 1 | 0 |
_aRemington and Klein's Infectious Diseases of the Fetus and Newborn Infant / _cChristopher B. Wilson , Victor Nizet , Yvonne Maldonado , Jerome O. Klein |
| 250 | _a8ed | ||
| 260 |
_aPhiladelphia : _bElsevier Saunders ؛ _c2016. |
||
| 300 |
_a1253 p. ؛ _c30 cm. |
||
| 504 | _aIncludes bibliographical references. | ||
| 650 | 0 | 0 | _aCommunicable Diseases |
| 650 | 0 | 0 | _aFetal Diseases |
| 650 | 0 | 0 | _aInfant , Newborn Diseases |
| 700 | 1 |
_aNizet , Victor _eJoint Author |
|
| 700 | 1 |
_aMaldonado , Yvonne _eJoint Author |
|
| 700 | 1 |
_aO. Klein, Jerome _eJoint Author |
|
| 942 |
_2ddc _cBK |
||